Normal view
MARC view
- McNerney, Charles R.
Entry Personal Name
001 - CONTROL NUMBER
- control field: 102703
003 - CONTROL NUMBER IDENTIFIER
- control field: NUST
005 - DATE AND TIME OF LATEST TRANSACTION
- control field: 20221116132805.0
008 - FIXED-LENGTH DATA ELEMENTS
- fixed length control field: 221116|| aca||aabn | a|a d
040 ## - CATALOGING SOURCE
- Original cataloging agency: NUST
- Transcribing agency: NUST
100 ## - HEADING--PERSONAL NAME
- Personal name: McNerney, Charles R.
670 ## - SOURCE DATA FOUND
- Source citation: Work cat.: (NUST)180328: Johnson, Robert L. 102701, Arithmetic mathematics :, [1974]
